| 000 | 00878cam a22002411 4500 | ||
|---|---|---|---|
| 001 | sa 67001016 | ||
| 003 | DLC | ||
| 005 | 20260227112319.0 | ||
| 008 | 861104s1963 ii 000 0 eng | ||
| 010 | _asa 67001016 | ||
| 025 | _aPL480:I-E-6907 | ||
| 035 | _a(OCoLC)14631094 | ||
| 040 |
_aDLC _cWaU _dDLC |
||
| 042 | _apremarc | ||
| 050 | 0 | 0 |
_aHE1783.I4 _bA498 |
| 110 | 1 |
_aIndia (Republic). _bRailway Inspectorate. |
|
| 245 | 1 | 0 |
_aRailway accidents; _breport on derailment of 5 up North Bank Express between Sonaili and Jhaua stations (North-East Frontier Railway) on 20th May 1959. |
| 260 |
_a[Nilokheri, _c1963] |
||
| 300 |
_a12 p. _c34 cm. |
||
| 500 | _aCover title. | ||
| 650 | 0 |
_aRailroad accidents _zIndia _vCase studies. |
|
| 740 | 0 | _aReport on derailment of 5 up North Bank Express between Sonaili and Jhaua stations (North-East Frontier Railway) on 20th May 1959. | |
| 999 |
_c72341 _d72341 |
||